000 00256nam a22001217a 4500
003 SGT
082 _a823
_bGAS
100 _aGASKELL ELIZABETH
245 _aRETURN TO CRANFORD
260 _aU.K
_bBLOOMSBURY PUB
_c2009
300 _a331
942 _2ddc
_cBK
999 _c33535
_d33535